000
00261 a2200121 4500
001
47516
040
_c
Anchieta - Aquarius
240
1
0
_a
A Bela e a fera
_l
por
245
1
0
_a
A Bela e a fera
300
_a
24p.
650
4
_a
Literatura infanto-juvenil
942
_c
BK
999
_c
47516
_d
47516